LIBRARY ONLINE CATALOGUE

Advanced accountancy. volume III : (Record no. 579)

MARC details
000 -LEADER
fixed length control field 00726nam a22002412 4500
001 - CONTROL NUMBER
control field 0000005738
005 - DATE AND TIME OF LATEST TRANSACTION
control field 20151021151106.0
008 - FIXED-LENGTH DATA ELEMENTS--GENERAL INFORMATION
fixed length control field 070716s xx 000 0 eng d
020 ## - INTERNATIONAL STANDARD BOOK NUMBER
International Standard Book Number 8127219665 :
Terms of availability KES 490
040 ## - CATALOGING SOURCE
Original cataloging agency KABU
Transcribing agency KABU
050 #0 - LIBRARY OF CONGRESS CALL NUMBER
Classification number HF5635
Item number .J35 2005
100 1# - MAIN ENTRY--PERSONAL NAME
Personal name Jain, S. P.
-- 0000151880
245 10 - TITLE STATEMENT
Title Advanced accountancy. volume III :
Remainder of title containing standards /
Statement of responsibility, etc. S. P. Jain, K. L. Narang.
250 ## - EDITION STATEMENT
Edition statement 2nd ed.
260 ## - PUBLICATION, DISTRIBUTION, ETC. (IMPRINT)
Place of publication, distribution, etc. New Delhi :
Name of publisher, distributor, etc. Kalyani,
Date of publication, distribution, etc. 2005.
300 ## - PHYSICAL DESCRIPTION
Extent 313 p.
362 0# - DATES OF PUBLICATION AND/OR SEQUENTIAL DESIGNATION
Dates of publication and/or sequential designation volume III.
650 #0 - SUBJECT ADDED ENTRY--TOPICAL TERM
Topical term or geographic name as entry element Accounting.
-- 0000148321
700 1# - ADDED ENTRY--PERSONAL NAME
Personal name Narang, K. L.
-- 0000155196
908 ## - PUT COMMAND PARAMETER (RLIN)
Put command parameter 070716
950 ## - LOCAL HOLDINGS (RLIN)
-- 1
Holdings
Withdrawn status Lost status Source of classification or shelving scheme Not for loan Home library Current library Date acquired Total Checkouts Full call number Barcode Date last seen Date last checked out Price effective from Koha item type
    Library of Congress Classification   Kabarak, Nakuru City Campus Kabarak, Nakuru City Campus 21/10/2015 8 HF5635 .J35 2005 005766 15/07/2021 13/07/2021 21/10/2015 General Collection